=LDR 00000nam 2200000 4500 =001 INLIS000000000039440 =005 20140704111416.0 =006 =007 =008 ind =035 ##$$0010-061300000039440 =041 ##$$a ind =082 ##$$a 615.882 =090 ##$$a 615.882, Han p =100 ##$$a HANDOKO, Pudjo =245 ##$$a Pengobatan alternatif, Pudjo handoko =260 ##$$a 2008 $b Jakarta =300 ##$$a Xxxiii,300 Hlm, Ilus, 21 cm =650 ##$$a PENGOBATAN TRADISIONAL =850 ##$$a NBPNMAT =990 ##$$a 0001/BPAP-NTB/2016 =990 ##$$a 0001/BPAP-NTB/2016 =990 ##$$a 21104954 =990 ##$$a 21400613/BPAP-NTB/20142014 =990 ##$$a 0001/BPAP-NTB/2016